All Cities on the North Sea Coast - Statistics

General Stats
  • This quiz has been taken 94 times
  • The average score is 36 of 440
Answers on the Map
Answers color-coded by a green-red scale on the quiz's map according to % correct below.
 
Answer Stats
Country City Population % Correct
Norway Oslo 1,043,168
91%
United Kingdom Edinburgh 527,620
86%
Germany Hamburg 1,852,478
84%
United Kingdom Aberdeen 229,060
81%
Norway Bergen 265,470
81%
United Kingdom Dundee 148,820
67%
Netherlands The Hague 803,835
66%
United Kingdom Dover 45,100
64%
Norway Stavanger 229,911
64%
United Kingdom Inverness 47,060
61%
Denmark Aalborg 119,219
60%
France Calais 72,509
60%
Belgium Bruges 118,467
51%
France Dunkirk 86,279
47%
United Kingdom Southend-on-Sea 182,773
47%
Norway Sunde/Valen 2,312
47%
Norway Kristiansand 64,913
46%
United Kingdom Sunderland 174,869
45%
Germany Bremerhaven 113,557
44%
Belgium Ostend 71,755
40%
Denmark Esbjerg 72,044
36%
United Kingdom Kirkwall 7,380
35%
United Kingdom Grimsby 88,105
31%
Norway Drammen 110,236
29%
United Kingdom Scarborough 61,866
29%
United Kingdom Lerwick 6,680
24%
United Kingdom Berwick-upon-Tweed 13,518
22%
United Kingdom Deal 31,926
21%
United Kingdom Great Yarmouth 41,013
21%
United Kingdom King's Lynn 48,556
21%
United Kingdom Margate 65,339
21%
United Kingdom North Berwick 7,430
21%
Germany Wilhelmshaven 75,189
21%
Norway Sand 1,190
20%
United Kingdom Felixstowe 24,441
19%
United Kingdom Ramsgate 41,898
19%
Denmark Skagen 7,664
19%
United Kingdom St Andrews 18,390
19%
Germany Cuxhaven 48,326
18%
Norway Fredrikstad 117,663
18%
United Kingdom Skegness 25,612
18%
United Kingdom Wick 6,820
18%
United Kingdom Hartlepool 93,836
15%
United Kingdom South Shields 76,807
15%
Germany Sylt 13,818
15%
Germany Emden 49,874
14%
United Kingdom Harwich 21,076
14%
Norway Arendal 37,861
13%
United Kingdom Cromer 8,021
13%
Netherlands Den Helder 40,390
13%
United Kingdom Gillingham 108,785
13%
United Kingdom Kirkcaldy 50,180
13%
Belgium Knokke-Heist 33,086
13%
Norway Moss 47,725
13%
Netherlands Nes 1,115
13%
United Kingdom Thurso 7,390
13%
United Kingdom Whitby 13,049
13%
United Kingdom Lowestoft 73,976
12%
United Kingdom Redcar 37,910
12%
Netherlands Vlissingen 43,555
12%
United Kingdom Clacton-on-Sea 53,661
11%
Norway Halden 25,887
11%
Norway Lillesand 8,050
11%
United Kingdom Nairn 10,170
11%
United Kingdom Peterhead 18,530
11%
Germany Sande 8,714
11%
United Kingdom Stonehaven 10,730
11%
Norway Tønsberg 53,818
11%
United Kingdom Tynemouth 69,770
11%
United Kingdom Banff 4,000
9%
United Kingdom Bridlington 35,211
9%
United Kingdom Dunbar 9,430
9%
Norway Egersund 11,406
9%
Norway Farsund 3,404
9%
Norway Haugesund 45,436
9%
Denmark Hirtshals 5,636
9%
Norway Larvik 26,731
9%
Norway Søgne 10,451
9%
United Kingdom Stromness 1,790
9%
Netherlands Zandvoort 15,550
9%
United Kingdom Arbroath 23,040
8%
Belgium Blankenberge 20,479
8%
United Kingdom Canvey Island 38,874
8%
Norway Drøbak 13,522
8%
United Kingdom Fraserburgh 12,240
8%
Norway Grimstad 13,879
8%
Netherlands Hook of Holland 9,230
8%
United Kingdom Hunstanton 8,504
8%
Netherlands IJmuiden 117,440
8%
Germany Langeoog 1,812
8%
Norway Mandal 11,095
8%
United Kingdom Montrose 11,700
8%
Germany Norden 24,767
8%
Norway Porsgrunn 94,102
8%
Norway Risør 4,556
8%
Norway Sandefjord 45,520
8%
United Kingdom Sheerness 13,475
8%
United Kingdom Bo'ness 14,690
7%
Germany Borkum 5,002
7%
United Kingdom Broadstairs 24,355
7%
United Kingdom Carnoustie 11,270
7%
United Kingdom Crail 1,630
7%
Netherlands Delfzijl 16,635
7%
United Kingdom Dornoch 1,340
7%
United Kingdom Eyemouth 3,520
7%
United Kingdom Grangemouth 16,130
7%
France Gravelines 11,014
7%
Netherlands Harlingen 14,340
7%
Norway Holmestrand 7,747
7%
Norway Horten 20,717
7%
Germany Husum 23,249
7%
Denmark Hvide Sande 2,876
7%
Norway Kragerø 5,393
7%
United Kingdom Leven 9,310
7%
Norway Lyngdal 5,212
7%
United Kingdom Mablethorpe 12,551
7%
Netherlands Monster 12,560
7%
United Kingdom Newport-on-Tay 4,200
7%
Germany Norderney 6,032
7%
Norway Odda 4,815
7%
United Kingdom Portlethen 8,890
7%
United Kingdom Saltburn-by-the-Sea 6,060
7%
Norway Svelvik 3,985
7%
Norway Vear 3,669
7%
United Kingdom Alloa 14,130
6%
United Kingdom Anstruther 3,930
6%
Norway Askøy 23,952
6%
United Kingdom Blyth 39,828
6%
France Bray-Dunes 4,495
6%
Belgium De Haan 12,789
6%
Belgium De Panne 11,232
6%
United Kingdom Dingwall 5,350
6%
United Kingdom Faversham 20,706
6%
United Kingdom Filey 6,702
6%
Norway Fitjar 1,750
6%
Norway Flekkefjord 6,034
6%
United Kingdom Fortrose 1,670
6%
United Kingdom Heacham 4,750
6%
United Kingdom Herne Bay 41,068
6%
Netherlands Hollum 1,140
6%
Norway Jørpeland 7,292
6%
Germany Juist 1,534
6%
Norway Kopervik 11,590
6%
France Marck 10,529
6%
United Kingdom Musselburgh 20,440
6%
Norway Nesoddtangen 13,150
6%
Belgium Nieuwpoort 11,667
6%
United Kingdom North Queensferry 1,050
6%
Denmark Nykøbing 9,062
6%
United Kingdom Prestonpans 10,220
6%
United Kingdom Rainham 34,088
6%
Denmark Ringkøbing 9,889
6%
Norway Sauda 4,141
6%
United Kingdom Seahouses 1,810
6%
United Kingdom Sittingbourne 53,851
6%
United Kingdom South Queensferry 9,350
6%
United Kingdom Stanford-le-Hope 28,849
6%
Sweden Strömstad 7,466
6%
United Kingdom Tain 3,570
6%
Sweden Uddevalla 35,916
6%
Germany Wangerooge 1,214
6%
United Kingdom Wells-next-the-Sea 2,245
6%
United Kingdom West Mersea 7,069
6%
United Kingdom Whitley Bay 37,121
6%
United Kingdom Whitstable 33,105
6%
Norway Åkrehamn 7,855
5%
United Kingdom Amble 6,102
5%
Norway Arna 9,849
5%
United Kingdom Brora 1,210
5%
United Kingdom Buckie 8,990
5%
United Kingdom Burntisland 6,620
5%
Germany Büsum 4,911
5%
United Kingdom Butterwick 1,366
5%
Netherlands Callantsoog 1,760
5%
Netherlands Castricum 21,795
5%
United Kingdom Cleethorpes 38,372
5%
United Kingdom Cruden Bay 1,580
5%
Netherlands Den Burg 6,360
5%
Netherlands Domburg 1,350
5%
Netherlands Egmond aan Zee 4,615
5%
Netherlands Egmond-Binnen 2,300
5%
Norway Etne 1,323
5%
United Kingdom Frinton-on-Sea 4,754
5%
United Kingdom Golspie 1,300
5%
United Kingdom Gorleston-on-Sea 24,785
5%
United Kingdom Gullane 2,780
5%
Denmark Hanstholm 2,083
5%
United Kingdom Healing 3,124
5%
United Kingdom Hemsby 5,731
5%
United Kingdom Inverbervie 2,290
5%
United Kingdom Invergordon 3,990
5%
Netherlands Julianadorp 13,750
5%
United Kingdom Kessingland 4,328
5%
Norway Kil 1,014
5%
United Kingdom Kinghorn 2,770
5%
Norway Knarrevik/Straume 11,871
5%
Norway Leirvik 14,316
5%
Germany List auf Sylt 1,553
5%
Denmark Løkken 1,624
5%
United Kingdom Longniddry 2,330
5%
France Loon-Plage 6,085
5%
United Kingdom Lossiemouth 7,610
5%
Belgium Middelkerke 19,676
5%
United Kingdom Minster 21,571
5%
United Kingdom Mundesley 2,709
5%
United Kingdom Newburgh 1,540
5%
Netherlands Noordwijk 24,300
5%
Norway Osøyro 14,149
5%
France Oye-Plage 5,583
5%
United Kingdom Portsoy 1,690
5%
Netherlands Renesse 1,175
5%
United Kingdom Reydon 2,748
5%
United Kingdom Rosyth 13,450
5%
France Sangatte 4,845
5%
United Kingdom Seaham 22,610
5%
United Kingdom Sheringham 7,379
5%
Denmark Skive 20,401
5%
Norway Skudeneshavn 3,308
5%
Norway Tau 3,340
5%
Norway Tofte 3,058
5%
Netherlands Uithuizen 4,315
5%
Norway Vadfoss/Helle 1,519
5%
United Kingdom Walton-on-the-Naze 12,575
5%
Netherlands Wassenaar 23,975
5%
Netherlands West-Terschelling 2,425
5%
Germany Wittmund 20,405
5%
Germany Wyk auf Föhr 4,280
5%
Netherlands Zoutelande 1,405
5%
United Kingdom Aberdour 1,710
4%
United Kingdom Aberlady 1,230
4%
Norway Ågotnes 3,602
4%
United Kingdom Aldbrough 1,263
4%
United Kingdom Aldeburgh 2,290
4%
United Kingdom Allhallows 1,405
4%
Norway Åsgårdstrand 2,939
4%
United Kingdom Avoch 1,000
4%
United Kingdom Birchington-on-Sea 9,961
4%
United Kingdom Boddam 1,220
4%
Belgium Bredene 18,086
4%
Netherlands Breskens 4,060
4%
United Kingdom Brightlingsea 8,722
4%
Germany Brunsbüttel 12,364
4%
Germany Bunde 7,714
4%
United Kingdom Burghead 1,850
4%
United Kingdom Burniston 1,478
4%
United Kingdom Caister-on-Sea 8,774
4%
United Kingdom Chapel St Leonards 3,384
4%
United Kingdom Cliffe 2,492
4%
United Kingdom Cliffsend 2,842
4%
United Kingdom Cockenzie 5,280
4%
United Kingdom Cullen 1,380
4%
United Kingdom Dalgety Bay 9,700
4%
Netherlands Den Oever 2,115
4%
United Kingdom Easington 7,064
4%
Germany Esens 7,310
4%
Norway Fagerstrand 2,854
4%
Norway Fevik 6,037
4%
United Kingdom Fishtoft 1,038
4%
United Kingdom Flamborough 1,856
4%
France Grande-Synthe 22,522
4%
United Kingdom Hadston 3,559
4%
Netherlands Hippolytushoef 4,670
4%
Netherlands Holwerd 1,420
4%
Norway Hommersåk 6,571
4%
United Kingdom Hopton-on-Sea 2,518
4%
United Kingdom Hornsea 8,843
4%
United Kingdom Humberston 5,634
4%
United Kingdom Hunmanby 3,113
4%
United Kingdom Inverkeithing 4,730
4%
United Kingdom Isle of Grain 1,587
4%
United Kingdom Iwade 4,271
4%
United Kingdom Jaywick 5,139
4%
United Kingdom Kincardine 2,940
4%
Denmark Klitmøller 1,067
4%
Norway Knarvik 6,359
4%
Norway Korsvik 18,562
4%
France Leffrinckoucke 4,207
4%
Denmark Lemvig 6,852
4%
Denmark Løgstør 4,014
4%
United Kingdom Lower Largo 1,860
4%
Sweden Lysekil 7,702
4%
United Kingdom Macduff 3,830
4%
United Kingdom Marske-by-the-Sea 8,098
4%
Germany Meldorf 7,248
4%
United Kingdom Methil 10,900
4%
United Kingdom Monifieth 8,570
4%
Germany Neuharlingersiel 1,015
4%
Denmark Nibe 5,302
4%
Denmark Nørresundby 23,718
4%
United Kingdom North Kessock 1,070
4%
United Kingdom Old Leake 1,418
4%
Netherlands Oost-Vlieland 1,025
4%
United Kingdom Osgodby 1,248
4%
Netherlands Ouddorp 4,340
4%
United Kingdom Peterlee 26,754
4%
Netherlands Petten 1,480
4%
United Kingdom Pittenweem 1,450
4%
United Kingdom Queenborough 1,732
4%
United Kingdom Reculver 8,845
4%
Norway Sætre 6,093
4%
Germany Sankt Peter-Ording 3,980
4%
United Kingdom Scalloway 1,180
4%
United Kingdom Seasalter 7,967
4%
Norway Selvik 3,284
4%
Netherlands 's-Gravenzande 17,870
4%
Norway Skålevik 3,569
4%
United Kingdom Snettisham 2,608
4%
Norway Stavern 5,810
4%
United Kingdom St Cyrus 1,120
4%
United Kingdom St Monans 1,130
4%
Denmark Struer 10,175
4%
United Kingdom Tayport 3,750
4%
Norway Tjøme 2,881
4%
Netherlands Uithuizermeeden 2,675
4%
Germany Varel 23,984
4%
Norway Vestbygda 1,133
4%
United Kingdom Warkworth 1,441
4%
United Kingdom Westgate-on-Sea 6,996
4%
Netherlands Westkapelle 2,450
4%
United Kingdom Whitburn 5,203
4%
United Kingdom Winterton-on-Sea 1,278
4%
United Kingdom Withernsea 6,283
4%
France Zuydcoote 1,601
4%
United Kingdom Airth 1,960
2%
United Kingdom Ardersier 1,150
2%
Norway Avaldsnes 2,809
2%
United Kingdom Balintore 1,000
2%
United Kingdom Balmedie 2,510
2%
United Kingdom Bempton 1,042
2%
Norway Berger 1,125
2%
United Kingdom Blackhall Colliery 4,511
2%
Germany Bockhorn 8,957
2%
Netherlands Borssele 1,155
2%
United Kingdom Brotton 5,456
2%
United Kingdom Buckhaven 4,050
2%
Germany Butjadingen 6,086
2%
Germany Dornum 4,466
2%
United Kingdom East Wemyss 2,100
2%
United Kingdom Ferryden 1,220
2%
Netherlands Ferwert 1,550
2%
United Kingdom Findochty 1,130
2%
Norway Frekhaug 3,169
2%
Germany Friedrichskoog 2,558
2%
Germany Geestland 30,966
2%
France Ghyvelde 4,131
2%
Netherlands Goedereede 1,750
2%
France Grand-Fort-Philippe 5,130
2%
Netherlands Haamstede 2,635
2%
Norway Haga 1,069
2%
Netherlands Hallum 2,325
2%
Denmark Højslev Stationsby 2,845
2%
United Kingdom Hopeman 1,710
2%
Norway Husnes 2,155
2%
United Kingdom Inverallochy and Cairnbulg 1,290
2%
Germany Jade 5,860
2%
Germany Jemgum 3,595
2%
United Kingdom Keswick 1,525
2%
United Kingdom Kingsdown 1,744
2%
Germany Krummhörn 11,832
2%
Sweden Kungshamn 3,456
2%
United Kingdom Limekilns 1,490
2%
United Kingdom Lower Halstow 1,235
2%
United Kingdom Lynemouth 1,741
2%
Norway Melsomvik 2,067
2%
Norway Nærsnes 1,613
2%
Norway Nesbygda 1,013
2%
United Kingdom Newbiggin-by-the-Sea 6,045
2%
United Kingdom Newtonhill 3,000
2%
Denmark Nordby 2,754
2%
Germany Nordenham 26,102
2%
Germany Nordstrand 2,237
2%
Norway Norheimsund 4,503
2%
United Kingdom North Somercotes 1,680
2%
Netherlands Oostkapelle 1,700
2%
Germany Otterndorf 7,449
2%
United Kingdom Point Clear 1,648
2%
United Kingdom Portknockie 1,230
2%
Netherlands Rockanje 4,620
2%
United Kingdom Rosehearty 1,220
2%
Norway Rubbestadneset 1,272
2%
Norway Sagvåg 3,408
2%
Netherlands Schoorl 2,915
2%
United Kingdom Seaton Sluice 3,043
2%
Netherlands Sint Annaparochie 4,240
2%
United Kingdom Skinningrove 1,449
2%
Norway Slevik 1,110
2%
Norway Spetalen 2,326
2%
Germany Stadland 7,490
2%
United Kingdom St Margaret's at Cliffe 2,510
2%
Norway Svortland 2,975
2%
Germany Tönning 4,952
2%
United Kingdom Torryburn 1,170
2%
United Kingdom Valleyfield 2,290
2%
Germany Wangerland 9,142
2%
United Kingdom Warden 1,845
2%
Netherlands Warffum 1,920
2%
Netherlands Wijk aan Zee 2,090
2%
Germany Zetel 11,915
2%
Norway Årøysund 1,560
1%
Netherlands Breezand 2,145
1%
Denmark Bremdal 1,688
1%
Sweden Ellös 1,078
1%
Norway Fjellstrand 1,283
1%
Norway Førdesfjorden 3,884
1%
Denmark Glyngøre 1,418
1%
Sweden Grebbestad 1,923
1%
Norway Helgeroa/Nevlungham 1,878
1%
Sweden Henån 2,375
1%
Norway Herre 1,308
1%
Sweden Hunnebostrand 2,006
1%
Germany Klanxbüll 1,006
1%
Norway Knappskog 1,620
1%
Belgium Koskijde 21,852
1%
Norway Larkollen 1,529
1%
Norway Leknes 1,111
1%
Norway Lervik 3,268
1%
Norway Lindås 1,366
1%
Norway Manger 1,166
1%
Netherlands Marrum 1,270
1%
Norway Mosterhamn 1,339
1%
Norway Ølen 1,301
1%
Netherlands Oostvoorne 6,760
1%
Netherlands Oudeschild 1,135
1%
Germany Pellworm 1,203
1%
Netherlands Sexbierum 1,530
1%
Netherlands Sint Jacobiparochie 1,255
1%
Norway Skivika 1,081
1%
Norway Skre 1,640
1%
Sweden Smögen 1,282
1%
Norway Søre Øyane 1,055
1%
Norway Søvik 1,593
1%
Netherlands Spijk 1,055
1%
Norway Storebø 1,634
1%
Netherlands Ternaard 1,095
1%
Norway Torsteinsvik 1,782
1%
Netherlands Tzummarum 1,120
1%
Netherlands Usquert 1,100
1%
Norway Valestrandfossen 1,343
1%
Germany Wenningstedt-Graderup 1,624
1%
Germany Wurster Nordseeküste 17,101
1%
No matching quizzes found
Score Distribution
Percent of People with Each Score
Percentile by Number Answered
Your Score History
You have not taken this quiz